| 000 | 00777nam a22002177a 4500 | ||
|---|---|---|---|
| 999 |
_c13839 _d13839 |
||
| 003 | AR-CdUCM | ||
| 008 | 190416b ||||| |||| 00| 0 spa d | ||
| 040 |
_aMUNICIPALIDAD PROVINCIAL DEL CUSCO _cBIBLIOTECA MUNICIPAL DEL CUSCO |
||
| 082 |
_a912 / _bH87 / 1968 |
||
| 100 |
_aHernandez, Matilde _932405 |
||
| 245 |
_aEl universo en color : _bgran atlas y geografía EDAF físico - político - Económico / |
||
| 260 |
_aMadrid : _bEdaf, _c1968. |
||
| 300 |
_a395 páginas ; _bIlustraciones, mapas, _c33 cm. |
||
| 505 | _aContenido: Astronomía, geología, meteorología -- Cartografía, geografía. | ||
| 650 |
_aUniverso _918615 |
||
| 650 |
_aPolítico _97421 |
||
| 650 |
_aEconómicos _932406 |
||
| 650 |
_aFísico _922978 |
||
| 942 |
_2ddc _cLIBROS |
||
| 945 |
_aacv _d2019-04-16 |
||